| 000 | 00842cgm a2200229 4500 | ||
|---|---|---|---|
| 001 | B3380 | ||
| 008 | 090401t1990 xxu||||| |||| 00| 0 eng d | ||
| 035 | _a(Sirsi) u55750 | ||
| 041 | _aeng | ||
| 050 | _a690 | ||
| 100 | _aNoble, Geoffrey | ||
| 245 | _aFast track construction (sound recording) | ||
| 260 |
_aLondon _bRoyal Institution of Chartered Surveyors _c1990 |
||
| 300 | _a1 sound cassette (60 min.) | ||
| 350 | _a10 | ||
| 490 | _aOwlion Audio Programme | ||
| 520 | _aPublished jointly with the College of Estate Management . An introduction to the philosophy of `fast track` construction, including its relationship to fast build techniques and its appropriateness to various types of project and different forms of contract. | ||
| 650 | _aAUDIO CASSETTES | ||
| 700 | _aFairley, Keith | ||
| 942 | _n0 | ||
| 948 | _c04/03/1997 | ||
| 999 |
_c85314 _d85314 |
||